The new turkey : (Record no. 15033)
[ view plain ]
| 000 -LEADER | |
|---|---|
| fixed length control field | 01580nam a2200217 a 4500 |
| 001 - CONTROL NUMBER | |
| control field | ASIN1862077908 |
| 005 - DATE AND TIME OF LATEST TRANSACTION | |
| control field | 20170105102909.0 |
| 008 - FIXED-LENGTH DATA ELEMENTS--GENERAL INFORMATION | |
| fixed length control field | 131025s2005 xxu eng d |
| 020 ## - INTERNATIONAL STANDARD BOOK NUMBER | |
| International Standard Book Number | 1862077908 (hardcover) |
| 020 ## - INTERNATIONAL STANDARD BOOK NUMBER | |
| International Standard Book Number | 9781862077904 (hardcover) |
| 040 ## - CATALOGING SOURCE | |
| Original cataloging agency | 0 |
| 082 ## - DEWEY DECIMAL CLASSIFICATION NUMBER | |
| Classification number | 956.104 |
| 100 1# - MAIN ENTRY--PERSONAL NAME | |
| Personal name | Morris, Chris. |
| 245 14 - TITLE STATEMENT | |
| Title | The new turkey : |
| Remainder of title | the quiet revolution on the edge of europe / |
| Statement of responsibility, etc. | Chris Morris. |
| 250 ## - EDITION STATEMENT | |
| Edition statement | First Edition. |
| 260 ## - PUBLICATION, DISTRIBUTION, ETC. | |
| Place of publication, distribution, etc. | [S.l.] : |
| Name of publisher, distributor, etc. | Granta Books, |
| Date of publication, distribution, etc. | 2005. |
| 300 ## - PHYSICAL DESCRIPTION | |
| Extent | 288 p. ; |
| Dimensions | 24 cm. |
| 520 ## - SUMMARY, ETC. | |
| Summary, etc. | Turkey is a country in a state of flux, swept along by an extraordinary process of change. In the last few years a series of far-reaching political and economic reforms has swept away much of the old order which ruled the country for so long. Some people call it a second Turkish revolution. But resistance to reform remains strong. Pressure for change has come from ordinary people fed up with the old ways; it's also been motivated by the dominant issue of Turkish political life - the long pursuit of membership of the European Union. And yet Turkey remains a mystery to many outsiders; a complex country hard to understand. It's secular and Muslim, Western and Eastern, democratic and authoritarian, all at the same time. This book examines the potential and the problems of the new Turkey, and the expectations of the people who live there, drawing on first hand interviews and observations gathered over several years. |
| 856 40 - ELECTRONIC LOCATION AND ACCESS | |
| Materials specified | Amazon.com |
| Uniform Resource Identifier | <a href="http://www.amazon.com/exec/obidos/ASIN/1862077908/chopaconline-20">http://www.amazon.com/exec/obidos/ASIN/1862077908/chopaconline-20</a> |
| 942 ## - ADDED ENTRY ELEMENTS (KOHA) | |
| Source of classification or shelving scheme | |
| Koha item type | Book |
| Withdrawn status | Lost status | Damaged status | Not for loan | Collection code | Permanent Location | Current Location | Shelving location | Date acquired | Total Checkouts | Full call number | Barcode | Date last seen | Price effective from | Koha item type |
|---|---|---|---|---|---|---|---|---|---|---|---|---|---|---|
| Centre for International Peace & Stability (CIPS) | Centre for International Peace & Stability (CIPS) | General Stacks | 10/01/2013 | 956.104 MOR 2005 | CIPS0001579 | 10/25/2013 | 10/25/2013 | Book |
